000 01081cam a2200241 4500
001 WB3928-12
008 030722n2003 000 0 eng u
035 _a(Sirsi) u123092
245 _aPII - global data needed
260 _c2003
490 _aRICS Antiques and Fine Arts Faculty News
_v July 2003 (1)
520 _aRICS members in Europe have received a questionnaire aimed at collecting data to enable RICS to research professional indemnity products and facilities for them. Similar questionnaires will, in time, be sent to members worldwide.This follows the expansion of the RICS insurance regulations worldwide from 1 January 2003. Any queries should be forwarded to Emma Hastings t+44(0)20 7334 3817 or [email protected]. http://www.rics.org/resources/standards/.
590 _aWB
650 _aPROFESSIONAL INDEMNITY INSURANCE
650 _aPROFESSIONAL INDEMNITY INSURANCE
650 _aREGULATIONS
650 _aQUESTIONNAIRE
650 _aDATA COLLECTION
650 _aRICS
650 _aRICS MEMBERSHIP
690 _aInsurance
_96249
942 _n0
999 _c73096
_d73096